| 000 | 00000nam##2200000za#4500 |
| 001 | 9.639590 |
| 003 | CaOODSP |
| 005 | 20250319165015 |
| 007 | cr ||||||||||| |
| 008 | 150407|1996||||xxc|||||o f|0| 0 fre|d |
| 040 | |aCaOODSP|bfre |
| 043 | |an-cn--- |
| 086 | 1 |aF1-23/1996-4F-PDF |
| 110 | 1 |aCanada. |bMinistère des finances. |
| 245 | 13|aLa prestation aux aîné(e)s : |h[ressource électronique]|bassurer l'avenir |
| 246 | 1 |aBudget 1996 |
| 260 | |aOttawa - Ontario : |bFinances Canada |cle 6 mars 1996. |
| 300 | |a74p.|bgraphiques, tableaux |
| 500 | |aLe nº de catalogue (F1-23/1996-4F) et l'ISBN (0-660-80960-2) de l'édition imprimée ont été incorrectement copiés dans cette édition électronique. |
| 590 | |a12-11-Supp|b2012-03-27 |
| 691 | 07|aBudget|2gcpds |
| 691 | 07|aAîné|2gcpds |
| 691 | 07|aPension|2gcpds |
| 775 | 08|tThe seniors benefit : |w(CaOODSP)9.695454 |
| 856 | 40|ahttp://publications.gc.ca|qPDF|s169 Ko|uhttps://publications.gc.ca/collections/Collection/F1-23-1996-4F.pdf |